000 00300 a2200121 4500
001 146965
040 _cEscola São Tomás de Aquino
100 _aMACHADO, Ana Maria
240 1 0 _aBalas, bombons, caramelos
_lpor
245 1 0 _aBalas, bombons, caramelos
697 _a*LITERATURA INFANTO
942 _cBK
999 _c146965
_d146965